Curso de derecho de minería: incluye prontuario con escritos y contratos de uso frecuente
Gardado en:
| Autor Principal: | |
|---|---|
| Formato: | Libro |
| Idioma: | Lingua castelá |
| Publicado: |
Santiago
Jurídica
1998
|
| Edición: | 3a. ed |
| Subjects: | |
| Tags: |
Engadir etiqueta
Sen Etiquetas, Sexa o primeiro en etiquetar este rexistro!
|
MARC
| LEADER | 00000nam a2200000 a 4500 | ||
|---|---|---|---|
| 001 | UCP0720 | ||
| 003 | CL-VaPUC | ||
| 008 | 990319e19980000CL |||||||||||||||||spa|d | ||
| 082 | 0 | 4 | |a 343.83077 |b LIR |2 21 |
| 100 | |a Lira Ovalle, Samuel |e autor |9 586857 | ||
| 245 | 1 | 0 | |a Curso de derecho de minería: incluye prontuario con escritos y contratos de uso frecuente |
| 250 | |a 3a. ed | ||
| 300 | |a 437 p | ||
| 942 | |c BK | ||
| 945 | |d 19990319 00:00:00 |a aarredon | ||
| 260 | |a Santiago |b Jurídica |c 1998 | ||
| 650 | 7 | |a SERVIDUMBRES MINERAS |2 CL-VaPUC |9 426204 | |
| 650 | 0 | |a Derecho minero |9 257109 | |
| 650 | 0 | |a Minas |9 255522 | |
| 650 | 0 | |a Concesiones mineras |9 256334 | |
| 650 | 0 | |a Contratos mineros |9 344920 | |
| 650 | 0 | |a Industria minera |9 260256 | |
| 650 | 7 | |a COMPAÑIAS MINERAS |2 CL-VaPUC |9 370031 | |
| 651 | 7 | |a CHILE |2 CL-VaPUC |9 426205 | |
| 583 | |a last modification |c 19990319 00:00:00 |k Rodrigo Vera | ||
| 999 | |c 279472 |d 279470 | ||
| 952 | |0 0 |1 0 |4 0 |6 343_830770000000000_LIR_1998 |7 0 |8 A |9 319008 |a BIBDER |b BIBDER |d 2019-11-20 |i 3739406 |o 343.83077 LIR 1998 |p 3739406 |r 2023-01-25 |w 2019-11-20 |y BK |k DER | ||